El sida en primera persona (Registro nro. 1466)

Detalles MARC
000 - LÍDER
campo de control de longitud fija 00884nam a2200265Ia 4500
005 - FECHA Y HORA DE LA ÚLTIMA TRANSACCIÓN
campo de control 20210727153041.0
008 - ELEMENTOS DE DATOS DE LONGITUD FIJA - INFORMACIÓN GENERAL
campo de control de longitud fija 121119s2003 ck a gr 000 0 spa
020 ## - INTERNATIONAL STANDARD BOOK NUMBER
International Standard Book Number 9583008583
041 0# - CÓDIGO DE LENGUAJE
Código de idioma de texto / pista de sonido o título separado spa
082 04 - NÚMERO DE CLASIFICACIÓN DECIMAL DEWEY
Número de clasificación 616.9792
Número de artículo L86S
040 ## - FUENTE DE CATALOGACIÓN
Agencia de catalogación original CO-BoRNBP
Lenguaje de catalogación spa
Descripción convenciones rda
Agencia de transcripción CO-BoRNBP
100 1# - ENTRADA PRINCIPAL - NOMBRE PERSONAL
Nombre de la persona Luque Nuñez, Ricardo
Fechas asociadas a un nombre 1959-
245 13 - TÍTULO DECLARACIÓN
Título El sida en primera persona
Resto del título información y claves para el logro de acuerdos preventivos
Declaración de responsabilidad Ricardo Luque Núñez
250 ## - DECLARACIÓN DE EDICIÓN
Sentencia de edición Primera edición
264 ## - AVISO DE PRODUCCIÓN, PUBLICACIÓN, DISTRIBUCIÓN, FABRICACIÓN Y DERECHOS DE AUTOR
Lugar de producción Bogotá
Nombre del productor Panamericana
Fecha de producción 2003
300 ## - DESCRIPCIÓN FÍSICA
Alcance 185 páginas
Otros datos físicos ilustraciones
Dimensiones 23 cm
336 ## - TIPO DE CONTENIDO
Tipo de contenido texto
Código de tipo de contenido txt
Fuente rdacontent
337 ## - TIPO DE MEDIO
Término del tipo de medio sin mediación
Código de tipo de medio n
Fuente rdamedia
338 ## - TIPO DE PORTADOR
Término del tipo de operador volumen
Código de tipo de operador nc
Fuente rdacarrier
490 0# - DECLARACIÓN EN SERIE
Estado de cuenta de la serie Ciencia y salud
650 14 - ENTRADA DE SUJETO AÑADIDO - TÉRMINO TÓPICO
Término tópico o elemento de entrada del nombre geográfico Educación sexual
Fuente del título o término LEMB
650 14 - ENTRADA DE SUJETO AÑADIDO - TÉRMINO TÓPICO
Término tópico o elemento de entrada del nombre geográfico Enfermedades transmisibles
Subdivisión general Prevención
Fuente del título o término LEMB
650 14 - ENTRADA DE SUJETO AÑADIDO - TÉRMINO TÓPICO
Término tópico o elemento de entrada del nombre geográfico Sida
Subdivisión general Prevención
Fuente del título o término LEMB
942 ## - ELEMENTOS DE ENTRADA AGREGADOS (KOHA)
Fuente de clasificación o esquema de estanterías Dewey Decimal Classification
Tipo de artículo Koha Libro
Existencias
Estado de retirada Pérdida de estatus Fuente de clasificación o esquema de estanterías Estado dañado No para préstamo Código de recogida Ubicación permanente Ubicación actual Ubicación de las estanterías Fecha de adquisición Fuente de adquisición Número Topográfico Código de barras Precio efectivo desde Número de copia Fecha de la última vez que se vio Tipo de artículo Koha Total de Cajas
    Dewey Decimal Classification     General Biblioteca Pública Municipal Carlos Arturo Bolívar Guevara Biblioteca Pública Municipal Carlos Arturo Bolívar Guevara Área General 19/01/2023 Dotación del Ministerio de Cultura 616.9792 L86S BEL03-0706 19/01/2023 Ej.1 19/01/2023 Libro  
    Dewey Decimal Classification     General Biblioteca Pública Municipal Francisco Jaramillo Ochoa Biblioteca Pública Municipal Francisco Jaramillo Ochoa Área General 18/10/2022 Dotación MinCultura 616.9792 L86s LAVI10 - 0582 18/10/2022 Ej. 1 18/10/2022 Libro  
    Dewey Decimal Classification     General Biblioteca Pública Municipal Juan XXIII Biblioteca Pública Municipal Juan XXIII Área General 24/02/2023 Dotación Ministerio de Cultura 616.9792 L86s BAL02-1372 24/02/2023 Ej.1 24/02/2023 Libro  
    Dewey Decimal Classification     General Biblioteca Pública Municipal Mistrató Biblioteca Pública Municipal Mistrató Área General 05/03/2024 Ministerio de Cultura 616.9792 L86s MIS12 - 2011 05/03/2024 Ej. 1 05/03/2024 Libro  
    Dewey Decimal Classification     General Biblioteca Pública Municipal de Guática Biblioteca Pública Municipal de Guática Área General 21/06/2023 Dotación Ministerio de cultura 616.9792 L86S GUA07-0878 21/06/2023 Ej. 1 21/06/2023 Libro